Statistics for All Ireland Football Championship Table

Click here to take the quiz!

General Stats

  • This quiz has been taken 15 times
  • The average score is 14 of 24

Answer Stats

AnswerPWLPFPAPDPTS% Correct
Cork341618555554132
100%
Dublin5338151,01379122276
91%
Derry1055147147010
73%
Galway22913337373-3618
64%
Kerry5839181,10188321880
64%
Kildare12210181242-612
64%
Mayo3821176396122742
64%
Tyrone3421126145565842
64%
Armagh16610246270-2412
55%
Cavan3033266-340
55%
Donegal22109330357-2722
55%
Down862129122712
55%
Fermanagh2122848-202
55%
Sligo2022533-80
55%
Tipperary312583242
55%
Wexford2113467-332
55%
Clare2022945-160
45%
Laois4045067-170
45%
Meath1679256266-1014
45%
Offaly101713-60
45%
Roscommon11110162255-932
45%
Leitrim1011224-120
36%
Monaghan926129154-255
36%
Westmeath3032946-170
36%

Score Distribution

Percentile by Number Answered

Percent of People with Each Score

Your Score History

You have not taken this quiz